000 00292nam a2200121 a 4500
005 20141022142007.0
008 081003s19uu xx 00 eng d
050 _aVCD
_bT76 2005
245 _aTruth or scare: psychic science.
650 _aVCD.
650 _aPsychic science.
942 _cAVM
999 _c276533
_d276533